[Event "Wch Rapid"]
[Site "Almaty"]
[Date "2022.12.26"]
[Round "5"]
[White "Alonso Rosell, Alvar"]
[Black "Zhigalko, Sergei"]
[Result "1/2-1/2"]
[WhiteElo "2472"]
[BlackElo "2612"]
[PlyCount "109"]
[EventDate "2022.12.26"]
[EventType "swiss (rapid)"]
[EventRounds "13"]
[EventCountry "KAZ"]
[SourceTitle "Mega2023 Update 08"]
[Source "Chessbase"]
[SourceDate "2022.12.30"]
[SourceVersion "1"]
[SourceVersionDate "2022.12.30"]
[SourceQuality "1"]

1. d4 Nf6 2. c4 e6 3. Nf3 b6 4. g3 Ba6 5. Nbd2 Bb4 6. Qc2 Bb7 7. Bg2 Be4 8. Qa4 {8.Qd1 is becoming the main line. 8.Dd1 wird zur Hauptvariante.} Bxd2+ 9. Bxd2 O-O 10. O-O d6 11. Bc3 Nbd7 12. Nd2 Bxg2 13. Kxg2 e5 $146 ({Vorgänger:} 13... a6 14. e4 Qb8 15. Qc6 Rd8 16. e5 dxe5 17. dxe5 Nxe5 18. Bxe5 Rxd2 19. Bxc7 Qc8 {½-½ (47) Redzisz,M (2236)-Djordjevic,V (2382) Chess.com INT 2022}) 14. e4 Re8 15. d5 a5 16. Qc2 Nc5 17. b3 c6 18. dxc6 Qc8 19. Rfe1 Qxc6 20. f3 a4 21. b4 Ne6 22. Qd3 Rac8 23. Rac1 Red8 24. a3 Qb7 25. Bb2 h6 26. Nf1 b5 27. cxb5 Rxc1 28. Rxc1 d5 29. exd5 Nxd5 30. Qe4 f6 31. Qc4 Ndc7 32. Rc2 Qxb5 33. Qxb5 Nxb5 34. Ne3 Rd3 35. Nc4 Ned4 36. Rd2 Nxf3 37. Rxd3 Ne1+ 38. Kf2 Nxd3+ 39. Ke2 Nxb2 40. Nxb2 Nxa3 41. Kd3 Kf7 42. Nxa4 Ke6 43. Nc3 f5 44. h3 h5 45. b5 Kd6 46. b6 Kc6 47. Nd5 e4+ 48. Ke2 g6 49. Ne7+ Kxb6 50. Nxg6 Nc4 51. h4 Kc5 52. Nf4 Kd6 53. Nxh5 Ke5 54. Nf4 Kf6 55. Nh5+ 1/2-1/2

[Event "Wch Rapid"]
[Site "Almaty"]
[Date "2022.12.27"]
[Round "6"]
[White "Zhigalko, Sergei"]
[Black "Le, Tuan Minh"]
[Result "1/2-1/2"]
[WhiteElo "2612"]
[BlackElo "2442"]
[PlyCount "193"]
[EventDate "2022.12.26"]
[EventType "swiss (rapid)"]
[EventRounds "13"]
[EventCountry "KAZ"]
[SourceTitle "Mega2023 Update 08"]
[Source "Chessbase"]
[SourceDate "2022.12.30"]
[SourceVersion "1"]
[SourceVersionDate "2022.12.30"]
[SourceQuality "1"]

1. e4 c5 2. c3 Nf6 3. e5 Nd5 4. Nf3 e6 5. Bc4 d6 6. d4 cxd4 7. cxd4 Be7 8. O-O O-O 9. Re1 b6 10. Bxd5 exd5 11. Nc3 Be6 12. Bf4 Nc6 13. h3 Rc8 14. Qd2 Qd7 15. exd6 Bxd6 16. Bxd6 Qxd6 17. Ne5 Na5 18. b3 a6 19. Rac1 Rc7 20. Ne2 Rxc1 21. Rxc1 f6 22. Nd3 Nc6 23. Qf4 Qd7 24. Qg3 Rc8 25. Ndf4 Bf7 26. Qg4 Qxg4 27. hxg4 Kf8 28. f3 Ke7 29. Kf2 g6 30. Ke3 Kd6 31. Kd2 Re8 32. Rh1 Bg8 33. Nh3 Nb4 34. Nc3 Nc6 35. Ne2 Nb4 36. g5 fxg5 37. Nxg5 Re7 38. Nc3 Nc6 39. Ne2 Nb4 40. Nc3 Nc6 41. Rh4 b5 42. Rf4 Re8 43. Rh4 Re7 44. Rf4 Re8 45. Rf6+ Kd7 46. Ne2 h6 47. Nf7 Bxf7 48. Rxf7+ Re7 49. Rf6 Re6 50. Rf7+ Re7 51. Rf8 g5 52. Ra8 a5 53. Rh8 Re6 54. Rh7+ Kd6 55. Rb7 Re7 56. Rxe7 Nxe7 57. g4 b4 58. Ng3 Ke6 59. Ke3 Kf6 60. Nh5+ Kg6 61. Ng3 Nc8 62. f4 Nd6 63. f5+ Kf6 64. Kd3 Kf7 65. Ke3 Nb5 66. Kd3 Nd6 67. Ke3 Nb5 68. Kd3 Nd6 69. Ke3 Ke7 70. Kd3 Kd7 71. Ke3 Ke8 72. Kd3 Kf8 73. Ke3 Ne8 74. Nh5 Kf7 75. Kd3 Nd6 76. Ng3 Nc8 77. Nf1 Nb6 78. Ng3 Ke7 79. Ne2 Nd7 80. Ke3 Nf6 81. Kf3 Ne4 82. Ke3 Kf6 83. Kf3 Nc3 84. Nc1 h5 85. gxh5 Kxf5 86. Kg3 Ne4+ 87. Kh3 Nf6 88. h6 Kg6 89. Nd3 Kxh6 90. Ne5 Ne4 91. Nc6 Nc3 92. Nxa5 Nxa2 93. Nc6 Kg6 94. Ne7+ Kf6 95. Nxd5+ Kf5 96. Kg3 Ke4 97. Nxb4 1/2-1/2

[Event "Wch Rapid"]
[Site "Almaty"]
[Date "2022.12.27"]
[Round "7"]
[White "Suleymenov, Alisher"]
[Black "Zhigalko, Sergei"]
[Result "1/2-1/2"]
[WhiteElo "2440"]
[BlackElo "2612"]
[PlyCount "110"]
[EventDate "2022.12.26"]
[EventType "swiss (rapid)"]
[EventRounds "13"]
[EventCountry "KAZ"]
[SourceTitle "Mega2023 Update 08"]
[Source "Chessbase"]
[SourceDate "2022.12.30"]
[SourceVersion "1"]
[SourceVersionDate "2022.12.30"]
[SourceQuality "1"]

1. d4 Nf6 2. c4 e6 3. Nf3 b6 4. a3 Ba6 5. Qc2 Bb7 6. Nc3 c5 7. e4 cxd4 8. Nxd4 Nc6 9. Nxc6 Bxc6 10. Bf4 Nh5 11. Be3 Bc5 {Nowadays more popular than 11...Qb8. Heutzutage beliebter als 11...Db8.} 12. Qd3 $146 ({Vorgänger:} 12. Qd2 O-O 13. Be2 Nf6 14. e5 Ne4 15. Nxe4 Bxe4 16. O-O Qc7 17. f4 d6 18. exd6 Bxd6 {1-0 (68) Rustemov,A (2525)-Gareyev,T (2597) Chess.com INT 2022}) 12... Qc7 13. g3 f5 14. Bg2 O-O 15. O-O f4 16. Bxc5 bxc5 17. b4 Rad8 18. Nb5 Qb6 19. Qe2 g6 20. Bf3 fxg3 21. hxg3 Ng7 22. Rab1 cxb4 23. axb4 Bxb5 24. cxb5 e5 25. Bg4 h5 26. Bh3 h4 27. Kg2 Nh5 28. Bg4 Nf6 29. Bf3 hxg3 30. fxg3 d5 31. exd5 e4 32. Bg4 Rxd5 33. Rbd1 Rg5 34. Rf4 Rxg4 35. Rxg4 Nxg4 36. Qxg4 Qf2+ 37. Kh3 Qf5 38. Qxf5 Rxf5 39. Re1 Re5 40. Kg4 e3 41. Kf3 Rxb5 42. Ra1 Re5 43. Re1 Rf5+ 44. Ke2 Rg5 45. Rg1 Rg4 46. b5 Rg5 47. Ra1 Rxb5 48. Rxa7 Rg5 49. Kxe3 Rxg3+ 50. Kf4 Rg1 51. Rb7 Rf1+ 52. Kg5 Rf7 53. Rb6 Kh7 54. Rxg6 Rg7 55. Rxg7+ Kxg7 1/2-1/2

[Event "Wch Rapid"]
[Site "Almaty"]
[Date "2022.12.27"]
[Round "8"]
[White "Zhigalko, Sergei"]
[Black "Suleymanli, Aydin Elshan"]
[Result "1/2-1/2"]
[WhiteElo "2612"]
[BlackElo "2503"]
[PlyCount "93"]
[EventDate "2022.12.26"]
[EventType "swiss (rapid)"]
[EventRounds "13"]
[EventCountry "KAZ"]
[SourceTitle "Mega2023 Update 08"]
[Source "Chessbase"]
[SourceDate "2022.12.30"]
[SourceVersion "1"]
[SourceVersionDate "2022.12.30"]
[SourceQuality "1"]

1. e4 e5 2. Nf3 Nc6 3. Bb5 a6 4. Ba4 Nf6 5. O-O Be7 6. Re1 b5 7. Bb3 O-O 8. a4 b4 9. d3 {9.d4 injects fresh life into this line. 9.d4 bringt frisches Leben in diese Variante.} d5 10. exd5 Nxd5 11. Nxe5 Nd4 12. Bc4 Bb7 13. c3 Nc6 $146 ({Vorgänger:} 13... Nf5 14. Nd2 bxc3 15. bxc3 Bc5 16. Qg4 Nde3 17. fxe3 Nxe3 18. Rxe3 Bxe3+ 19. Kh1 Qf6 {1-0 (51) Sredojevic,I (2386)-Aliyev,E (2103) Mersin 2016}) 14. Nxc6 Bxc6 15. d4 Bf6 16. Bf1 bxc3 17. bxc3 Qd7 18. a5 Rfe8 19. Rxe8+ Rxe8 20. Bd2 Qf5 21. Na3 Nf4 22. Bxf4 Qxf4 23. Nc4 Bd5 24. Ne3 Rxe3 25. fxe3 Qxe3+ 26. Kh1 Qxc3 27. Qe1 Qc6 28. Rc1 Qa8 29. Rxc7 g6 30. Qb4 Kg7 31. Qd6 h5 32. Qd7 Qb8 33. Rc1 Qf4 34. Rd1 Bf3 35. Re1 Qd2 36. Qe8 Bc6 37. Qe2 Qxa5 38. Rd1 Bb7 39. d5 Bc8 40. d6 Bg4 41. Qd2 Bc3 42. Qd3 Bxd1 43. Qxd1 Qb6 44. Qd3 Bf6 45. Qxa6 Qf2 46. Qe2 Qd4 47. Qd3 1/2-1/2

[Event "Wch Rapid"]
[Site "Almaty"]
[Date "2022.12.27"]
[Round "9"]
[White "Ivic, Velimir"]
[Black "Zhigalko, Sergei"]
[Result "0-1"]
[WhiteElo "2489"]
[BlackElo "2612"]
[PlyCount "82"]
[EventDate "2022.12.26"]
[EventType "swiss (rapid)"]
[EventRounds "13"]
[EventCountry "KAZ"]
[SourceTitle "Mega2023 Update 08"]
[Source "Chessbase"]
[SourceDate "2022.12.30"]
[SourceVersion "1"]
[SourceVersionDate "2022.12.30"]
[SourceQuality "1"]

1. d4 Nf6 2. c4 e6 3. Nc3 Bb4 4. a3 Bxc3+ 5. bxc3 c5 6. f3 Nc6 7. e4 d6 8. Be3 Qa5 9. Kf2 O-O 10. Ne2 Qc7 11. h4 Na5 12. Nf4 b6 13. g4 Ba6 14. g5 Nd7 15. Qa4 Rae8 16. h5 Bb7 17. Bh3 Bc6 18. Qc2 Nxc4 19. Bc1 e5 20. Ne2 d5 21. exd5 Bxd5 22. Bf5 exd4 23. Nf4 Ne3 24. Nxd5 Nxd5 25. Bxh7+ Kh8 26. cxd4 Nf4 27. Be4 f5 28. Bd3 Qd6 29. Bb2 cxd4 30. h6 g6 31. Bb5 Kh7 32. Rad1 Rc8 33. Qa4 d3 34. Bxd7 Rc7 35. Bb5 Re7 36. Rd2 Ne2 37. Rxd3 Qg3+ 38. Kf1 Nf4 39. Re3 Qg2+ 40. Ke1 Rxe3+ 41. Kd1 Rd8+ 0-1

[Event "Wch Rapid"]
[Site "Almaty"]
[Date "2022.12.28"]
[Round "10"]
[White "Zhigalko, Sergei"]
[Black "Sadhwani, Raunak"]
[Result "1-0"]
[WhiteElo "2612"]
[BlackElo "2532"]
[PlyCount "129"]
[EventDate "2022.12.26"]
[EventType "swiss (rapid)"]
[EventRounds "13"]
[EventCountry "KAZ"]
[SourceTitle "Mega2023 Update 08"]
[Source "Chessbase"]
[SourceDate "2022.12.30"]
[SourceVersion "1"]
[SourceVersionDate "2022.12.30"]
[SourceQuality "1"]

1. e4 c5 2. c3 Nf6 3. e5 Nd5 4. Nf3 Nc6 5. Bc4 Nb6 6. Bb3 d5 7. exd6 Qxd6 8. O-O c4 9. Bc2 Bg4 10. Re1 $1 {10.Re1 scores better than 10.h3. 10.Te1 punktet besser als 10.h3.} O-O-O 11. b3 Qf6 12. Na3 Bxf3 13. Qxf3 Qxf3 14. gxf3 cxb3 15. axb3 Nd5 $146 ({Vorgänger:} 15... e6 16. d4 Nd5 17. Bd2 a6 18. Be4 g6 19. Nc2 h5 20. b4 Bh6 21. Bxh6 Rxh6 {1-0 (31) Fridman,D (2615)-Mukhutdinov,T (2286) Chess.com INT 2020}) 16. b4 e6 17. b5 Na5 18. Re4 Kb8 19. Ra4 b6 20. Rxa5 bxa5 21. Nc4 Bd6 22. Nxa5 Ne7 23. d4 g5 24. c4 Rc8 25. Be4 Bb4 26. c5 f5 27. Nc6+ Nxc6 28. Bxc6 Bc3 29. Ra6 Bxd4 30. Ba3 Rc7 31. Bb4 h5 32. Kg2 g4 33. Ba5 Rcc8 34. Bb4 Rc7 35. Ba5 Re7 36. f4 e5 37. fxe5 Bxc5 38. Bd2 Re6 39. Bg5 h4 40. Bf6 h3+ 41. Kf1 Rh7 42. Ra2 Bd4 43. Bd5 Re8 44. Bc6 Rc8 45. Ra4 Bc3 46. Rc4 Bb2 47. Rb4 Ba3 48. Rf4 a6 49. Ra4 Bc5 50. e6 Kc7 51. Rxa6 f4 52. Be5+ Kd8 53. Bxf4 Ke7 54. Bd7 Rg8 55. Rc6 Rh5 56. b6 Rf5 57. Bg3 Bxf2 58. Bd6+ Kf6 59. e7 Rf3 60. Bc5+ Kg7 61. Bxf2 g3 62. hxg3 h2 63. Kg2 Rxf2+ 64. Kh1 Rh8 65. Rc1 1-0

[Event "Wch Rapid"]
[Site "Almaty"]
[Date "2022.12.28"]
[Round "11"]
[White "Duda, Jan Krzysztof"]
[Black "Zhigalko, Sergei"]
[Result "1-0"]
[WhiteElo "2791"]
[BlackElo "2612"]
[PlyCount "69"]
[EventDate "2022.12.26"]
[EventType "swiss (rapid)"]
[EventRounds "13"]
[EventCountry "KAZ"]
[SourceTitle "Mega2023 Update 08"]
[Source "Chessbase"]
[SourceDate "2022.12.30"]
[SourceVersion "1"]
[SourceVersionDate "2022.12.30"]
[SourceQuality "1"]

1. Nf3 d5 2. g3 c6 3. Bg2 Bg4 4. h3 Bxf3 5. Bxf3 e5 6. d3 Nf6 7. Nd2 Bc5 8. O-O O-O 9. e4 Re8 10. Qe2 a5 11. a4 Na6 12. Bg2 Bb6 13. exd5 cxd5 14. Nb3 h6 15. g4 e4 16. c3 Nc5 17. Nxc5 Bxc5 18. d4 Bd6 19. f4 exf3 20. Qxf3 Re6 21. g5 hxg5 22. Bxg5 Qe8 23. Bxf6 Rxf6 24. Rae1 Qxa4 25. Qxd5 Bf4 26. Qxb7 Rb8 27. Qe4 g5 28. h4 Rh6 29. hxg5 Bh2+ 30. Kh1 Rh8 31. g6 Bc7+ 32. Kg1 Bh2+ 33. Kf2 Rxb2+ 34. Ke3 Rc2 35. gxf7+ 1-0

[Event "Wch Rapid"]
[Site "Almaty"]
[Date "2022.12.28"]
[Round "12"]
[White "Zhigalko, Sergei"]
[Black "Yoo, Christopher Woojin"]
[Result "0-1"]
[WhiteElo "2612"]
[BlackElo "2463"]
[PlyCount "76"]
[EventDate "2022.12.26"]
[EventType "swiss (rapid)"]
[EventRounds "13"]
[EventCountry "KAZ"]
[SourceTitle "Mega2023 Update 08"]
[Source "Chessbase"]
[SourceDate "2022.12.30"]
[SourceVersion "1"]
[SourceVersionDate "2022.12.30"]
[SourceQuality "1"]

1. e4 c5 2. Nf3 d6 3. d4 cxd4 4. Qxd4 Nc6 5. Bb5 Bd7 6. Bxc6 Bxc6 7. Nc3 Nf6 8. Bg5 e6 9. O-O-O Be7 10. Rhe1 O-O 11. Kb1 h6 12. Bh4 Qa5 13. Qd2 Qc5 14. Nd4 Rfd8 15. f3 Qh5 16. Bf2 d5 17. e5 Nd7 18. h4 Nb6 19. g4 Qg6 20. h5 Qh7 21. b3 Bb4 22. Rg1 Kh8 23. g5 hxg5 24. Rxg5 Rac8 25. Rdg1 Rg8 26. Qe3 Qh6 27. Nce2 Nd7 28. Nf4 Be7 29. Rg6 fxg6 30. Rxg6 Qh7 31. Rxe6 Bg5 32. Bh4 Bxf4 33. Qxf4 Qxh5 34. Be7 Rce8 35. Nf5 Nf8 36. Rd6 Ng6 37. Qg3 Nxe7 38. Nh4 g5 0-1

[Event "Wch Rapid"]
[Site "Almaty"]
[Date "2022.12.28"]
[Round "13"]
[White "Nesterov, Arseniy"]
[Black "Zhigalko, Sergei"]
[Result "1-0"]
[WhiteElo "2497"]
[BlackElo "2612"]
[PlyCount "105"]
[EventDate "2022.12.26"]
[EventType "swiss (rapid)"]
[EventRounds "13"]
[EventCountry "KAZ"]
[SourceTitle "Mega2023 Update 08"]
[Source "Chessbase"]
[SourceDate "2022.12.30"]
[SourceVersion "1"]
[SourceVersionDate "2022.12.30"]
[SourceQuality "1"]

1. d4 d5 2. c4 e6 3. Nf3 c6 4. Nbd2 f5 5. g3 Nd7 6. Bg2 Bd6 {6...Nh6 is the hot move. 6...Sh6 ist der hippe Zug.} 7. O-O Ngf6 8. Ne1 O-O 9. Nd3 Qe7 10. Qc2 b6 11. b4 Bb7 12. c5 Bc7 13. a4 $146 ({Vorgänger:} 13. Bb2 Ne4 14. a4 bxc5 15. bxc5 a5 16. Nb3 Ba6 17. Rab1 h5 18. Bc1 {½-½ (18) Lysyj,I (2635)-Huschenbeth,N (2450) Moscow 2011}) 13... bxc5 14. bxc5 a5 15. Nf3 Ba6 16. Bf4 Bxd3 17. Qxd3 e5 18. dxe5 Nxe5 19. Bxe5 Bxe5 20. Rab1 Ne4 21. Rfc1 f4 22. Rb6 fxg3 23. hxg3 Nxc5 24. Qc2 Bd6 25. Rxc6 Na6 26. Ng5 Qxg5 27. Rxd6 Nb4 28. Qc5 Kh8 29. Bxd5 Nxd5 30. Rxd5 Qg4 31. Qc4 Qh3 32. Qd4 Rae8 33. Rc7 Rg8 34. e3 Rb8 35. Qd1 Qe6 36. Rc1 Rb2 37. Rd8 h6 38. Rxg8+ Kxg8 39. Qd8+ Kh7 40. Qxa5 Qf6 41. Rf1 Ra2 42. Qb5 Qg6 43. Qc4 Rc2 44. Qb3 h5 45. Qb4 Ra2 46. Qc4 Rc2 47. Qf4 Ra2 48. Rd1 Qc2 49. Rd4 Ra1+ 50. Kg2 Qc1 51. Qf5+ g6 52. Rd7+ Kh6 53. Qf8+ 1-0

[Event "Wch Blitz"]
[Site "Almaty"]
[Date "2022.12.29"]
[Round "2"]
[White "Petkov, Momchil"]
[Black "Zhigalko, Sergei"]
[Result "1-0"]
[WhiteElo "2411"]
[BlackElo "2662"]
[PlyCount "88"]
[EventDate "2022.12.29"]
[EventType "swiss (blitz)"]
[EventRounds "21"]
[EventCountry "KAZ"]
[SourceTitle "Mega2023 Update 09"]
[Source "Chessbase"]
[SourceDate "2023.01.07"]
[SourceVersion "1"]
[SourceVersionDate "2023.01.07"]
[SourceQuality "1"]

1. d4 Nf6 2. Nf3 e6 3. Bf4 d5 4. e3 Bd6 5. c3 O-O 6. Nbd2 c5 7. Ne5 Nc6 8. Bd3 {8.Bg3 is vanishing. 8.Lg3 scheint zu verschwinden.} Qc7 9. Ndf3 h6 10. Bc2 b6 $146 ({Data server::} 10... Nd7 11. Nxc6 bxc6 12. Bxd6 Qxd6 13. O-O Rb8 14. Rb1 f5 15. Re1 a5 16. Nd2 e5 17. dxe5 Qxe5 {½-½ (36) Kliewe,H (1972)-Hubert,P (1999) Mecklenburg VP 2014}) 11. O-O Ba6 12. Re1 Nd7 13. Nxc6 Qxc6 14. Bxd6 Qxd6 15. e4 dxe4 16. Bxe4 Rad8 17. Qa4 b5 18. Qc2 Nf6 19. Rad1 Qb6 20. dxc5 Qxc5 21. Nd4 Nxe4 22. Qxe4 Qc4 23. a3 Rd5 24. Qf3 Rfd8 25. Rc1 Bb7 26. Qe2 Qc5 27. Qe3 a6 28. f3 Qc4 29. Qe2 Qc7 30. Qe3 Rg5 31. Kh1 Rdd5 32. Qf2 Qc4 33. Qe2 Qc7 34. Qf2 Rg6 35. Qh4 Rdg5 36. Rc2 Qc4 37. Rce2 e5 38. Rxe5 Rxg2 39. Re8+ Kh7 40. Qd8 R6g5 41. Rh8+ Kg6 42. Qd6+ f6 43. Qe7 Bc6 44. Qd8 Rf2 1-0

[Event "Wch Blitz"]
[Site "Almaty"]
[Date "2022.12.29"]
[Round "5"]
[White "Zhigalko, Sergei"]
[Black "Haldorsen, Benjamin"]
[Result "0-1"]
[WhiteElo "2662"]
[BlackElo "2389"]
[PlyCount "112"]
[EventDate "2022.12.29"]
[EventType "swiss (blitz)"]
[EventRounds "21"]
[EventCountry "KAZ"]
[SourceTitle "Mega2023 Update 09"]
[Source "Chessbase"]
[SourceDate "2023.01.07"]
[SourceVersion "1"]
[SourceVersionDate "2023.01.07"]
[SourceQuality "1"]

1. e4 c5 2. Nf3 Nc6 3. c3 Nf6 4. e5 Nd5 5. Bc4 Nb6 6. Bb3 d5 7. exd6 Qxd6 8. O-O c4 9. Bc2 g6 10. b3 Bg7 11. Na3 cxb3 12. axb3 O-O 13. d4 Bg4 14. Nc4 Qd5 15. Ncd2 e5 16. Be4 Qd8 17. h3 Bxf3 18. Nxf3 exd4 19. Bxc6 bxc6 20. cxd4 a5 21. Bf4 Qd5 22. Be5 c5 23. dxc5 Qxc5 24. Rc1 Qd5 25. Bc7 Qb7 26. Be5 Rfd8 27. Qe2 Re8 28. Qb5 Bxe5 29. Nxe5 Qd5 30. Rc5 Qe6 31. Nf3 Nd7 32. Rc6 Qe4 33. Rc7 Ne5 34. Ng5 Qf5 35. Qb7 Qxg5 36. f4 Nf3+ 37. Rxf3 Qf6 38. Kh2 a4 39. bxa4 Rxa4 40. Rc6 Qe7 41. Qb5 Rb4 42. Qd5 Rd8 43. Qa5 Rbd4 44. Rc5 Qf6 45. Re5 Rxf4 46. Ree3 Kg7 47. Rg3 Rfd4 48. Re5 R4d6 49. Qc5 Re6 50. Rf5 Qd4 51. Qc7 Rd7 52. Qc8 Qd6 53. Rff3 h5 54. Kg1 Re1+ 55. Kh2 h4 56. Qc3+ Re5 0-1

[Event "Wch Blitz"]
[Site "Almaty"]
[Date "2022.12.29"]
[Round "9"]
[White "Zhigalko, Sergei"]
[Black "Arjun, Kalyan"]
[Result "1-0"]
[WhiteElo "2662"]
[BlackElo "2426"]
[PlyCount "73"]
[EventDate "2022.12.29"]
[EventType "swiss (blitz)"]
[EventRounds "21"]
[EventCountry "KAZ"]
[SourceTitle "Mega2023 Update 09"]
[Source "Chessbase"]
[SourceDate "2023.01.07"]
[SourceVersion "1"]
[SourceVersionDate "2023.01.07"]
[SourceQuality "1"]

1. e4 e5 2. Nf3 Nc6 3. Bb5 a6 4. Ba4 Nf6 5. O-O b5 6. Bb3 Bc5 7. a4 Rb8 8. Nc3 $5 {[%mdl 4] Exploring less charted territory. Erkundet wenig bekanntes Terrain.} d6 9. axb5 axb5 10. Nd5 h6 11. d3 O-O 12. c3 Nxd5 13. Bxd5 Ne7 14. Bb3 Ng6 15. d4 Bb6 16. h3 Qf6 17. Be3 c5 $146 ({Data server::} 17... Bb7 18. Bc2 Rfe8 19. Re1 Re7 20. Qd2 exd4 21. Bxd4 Bxd4 22. cxd4 Rbe8 23. d5 c6 24. dxc6 Bxc6 {½-½ (49) Vachier Lagrave,M (2784)-Vidit,S (2726) chess24.com INT 2021}) 18. dxe5 dxe5 19. Bd5 Ne7 20. c4 bxc4 21. Bxc4 Bb7 22. Nd2 Nc6 23. Bd5 Nd4 24. Nc4 Bxd5 25. exd5 Bc7 26. Ra7 Qd8 27. Qg4 Qxd5 28. Bxh6 Ne6 29. Rxc7 e4 30. Ne3 Qe5 31. Rd7 f5 32. Qg6 Rxb2 33. Re7 Qf6 34. Rxe6 Qxg6 35. Rxg6 Kh7 36. Bxg7 Rf7 37. Bxb2 1-0

[Event "Wch Blitz"]
[Site "Almaty"]
[Date "2022.12.29"]
[Round "12"]
[White "Harsha, Bharathakoti"]
[Black "Zhigalko, Sergei"]
[Result "0-1"]
[WhiteElo "2527"]
[BlackElo "2662"]
[PlyCount "82"]
[EventDate "2022.12.29"]
[EventType "swiss (blitz)"]
[EventRounds "21"]
[EventCountry "KAZ"]
[SourceTitle "Mega2023 Update 09"]
[Source "Chessbase"]
[SourceDate "2023.01.07"]
[SourceVersion "1"]
[SourceVersionDate "2023.01.07"]
[SourceQuality "1"]

1. f4 d5 2. Nf3 Nf6 3. g3 g6 4. Bg2 Bg7 5. O-O O-O 6. d3 c5 7. Qe1 Bg4 $5 {[%mdl 4] Leaves trodden paths. Verlässt die ausgetretenen Pfade.} 8. e4 Nc6 9. e5 Nd7 10. Nc3 $146 ({Data server::} 10. c3 Bxf3 11. Bxf3 e6 12. Be3 d4 13. Bxc6 bxc6 14. cxd4 cxd4 15. Bxd4 Nb6 16. Bc5 {½-½ (49) Harika,D (2492)-Sebag,M (2476) Chess.com INT 2019}) 10... Bxf3 11. Bxf3 e6 12. Ne2 f6 13. exf6 Qxf6 14. c3 Rae8 15. Be3 Qe7 16. Qd2 d4 17. cxd4 cxd4 18. Bf2 e5 19. Rae1 Qd6 20. Qd1 Kh8 21. Bg2 Nc5 22. fxe5 Nxe5 23. Nc1 a5 24. a3 a4 25. Kh1 b5 26. Bg1 h5 27. h3 Rxf1 28. Rxf1 Bh6 29. Ne2 Be3 30. Bxe3 dxe3 31. d4 Ned3 32. Kg1 Nf2 33. Qc2 Ncd3 34. d5 Kh7 35. Qc6 Qe5 36. Qxb5 Rb8 37. Qd7+ Kh6 38. Qxa4 Rxb2 39. Bf3 Nxh3+ 40. Kh1 Ng5 41. Nd4 Qxg3 0-1

[Event "Wch Blitz"]
[Site "Almaty"]
[Date "2022.12.30"]
[Round "17"]
[White "Zhigalko, Sergei"]
[Black "Nesterov, Arseniy"]
[Result "1-0"]
[WhiteElo "2662"]
[BlackElo "2477"]
[PlyCount "75"]
[EventDate "2022.12.29"]
[EventType "swiss (blitz)"]
[EventRounds "21"]
[EventCountry "KAZ"]
[SourceTitle "Mega2023 Update 09"]
[Source "Chessbase"]
[SourceDate "2023.01.07"]
[SourceVersion "1"]
[SourceVersionDate "2023.01.07"]
[SourceQuality "1"]

1. e4 e5 2. Nf3 Nf6 3. d4 Nxe4 4. Bd3 d5 5. Nxe5 Nd7 6. Nxd7 Bxd7 7. O-O Bd6 8. Nc3 Nxc3 9. bxc3 O-O 10. Qh5 f5 11. Re1 c6 12. c4 $5 {[%mdl 4] A promising side line. Eine vielversprechende Nebenvariante.} Qa5 $146 ({Data server::} 12... Be8 13. Qf3 dxc4 14. Bxc4+ Bf7 15. Bxf7+ Rxf7 16. Bf4 Bxf4 17. Qxf4 Qd7 18. Re5 Re8 {½-½ (42) Zhigalko,S (2572)-Hansen,S (2557) Chess.com INT 2020}) 13. Rd1 Qc3 14. Bd2 Qxd4 15. cxd5 cxd5 16. Rab1 g6 17. Qf3 Bc6 18. Bb5 Qe4 19. Qb3 a6 20. Bd3 Qe5 21. g3 f4 22. Re1 Qf6 23. Re2 Rae8 24. Rxe8 Rxe8 25. c4 fxg3 26. hxg3 Bc5 27. Rf1 d4 28. f4 Qe6 29. f5 gxf5 30. Rxf5 b6 31. Qd1 Kh8 32. Qh5 Qg6 33. Rf8+ Kg7 34. Bxg6 d3+ 35. Kf1 Rxf8+ 36. Bf5 Rf7 37. Ke1 Kg8 38. Be6 1-0

[Event "Wch Blitz"]
[Site "Almaty"]
[Date "2022.12.30"]
[Round "21"]
[White "Zhigalko, Sergei"]
[Black "Makhnev, Denis"]
[Result "1-0"]
[WhiteElo "2662"]
[BlackElo "2507"]
[PlyCount "121"]
[EventDate "2022.12.29"]
[EventType "swiss (blitz)"]
[EventRounds "21"]
[EventCountry "KAZ"]
[SourceTitle "Mega2023 Update 09"]
[Source "Chessbase"]
[SourceDate "2023.01.07"]
[SourceVersion "1"]
[SourceVersionDate "2023.01.07"]
[SourceQuality "1"]

1. e4 e5 2. Nf3 Nc6 3. Bb5 a6 4. Ba4 Nf6 5. O-O Be7 6. Re1 b5 7. Bb3 d6 8. c3 O-O 9. h3 Nb8 10. d4 Nbd7 11. Nbd2 Bb7 12. Bc2 Re8 13. Nf1 Bf8 14. Ng3 g6 15. b3 a5 16. Rb1 $5 {[%mdl 4] Exploring less charted territory. Erkundet wenig bekanntes Terrain.} Nb6 $146 ({Data server::} 16... d5 17. Bg5 h6 18. Bh4 g5 19. Nxg5 hxg5 20. Bxg5 exd4 21. e5 Rxe5 22. Rxe5 Nxe5 23. cxd4 {1-0 (67) Kasimdzhanov,R (2661)-Amin,B (2686) ICC INT 2020}) 17. Bd3 b4 18. Bb2 Nfd7 19. Bb5 bxc3 20. Bxc3 Bg7 21. d5 Qe7 22. Qd2 a4 23. bxa4 Reb8 24. a5 Nc8 25. a4 Na7 26. Bb4 Bf8 27. Rec1 Nc5 28. Qc3 f6 29. Nd2 Bc8 30. Qc4 Kh8 31. Bxc5 dxc5 32. Nb3 c6 33. dxc6 Be6 34. Qxc5 Qc7 35. Qc3 Nxb5 36. axb5 Rxb5 37. Nd2 Raxa5 38. Rxb5 Rxb5 39. Qd3 Rc5 40. Rxc5 Bxc5 41. Qb5 Qb6 42. Qxb6 Bxb6 43. Ne2 Kg7 44. Nc3 Ba5 45. Ndb1 f5 46. f3 Kf7 47. Nd5 Bc8 48. Na3 Ba6 49. c7 fxe4 50. fxe4 Ke6 51. Nc4 Be1 52. Ncb6 Kd6 53. c8=Q Bxc8 54. Nxc8+ Kd7 55. Ncb6+ Ke6 56. Nc4 Bg3 57. Kf1 h5 58. Ke2 g5 59. Kf3 Be1 60. g4 hxg4+ 61. Kxg4 1-0

[Event "Titled Tuesday intern op 17th Jan Early"]
[Site "Chess.com INT"]
[Date "2023.01.17"]
[Round "1"]
[White "Ozates, Tuna"]
[Black "Zhigalko, Sergei"]
[Result "0-1"]
[WhiteElo "2251"]
[BlackElo "2572"]
[PlyCount "58"]
[EventDate "2023.01.17"]
[EventType "swiss (blitz)"]
[EventRounds "11"]
[EventCountry "USA"]
[SourceTitle "Mega2023 Update 12"]
[Source "Chessbase"]
[SourceDate "2023.01.29"]
[SourceVersion "1"]
[SourceVersionDate "2023.01.29"]
[SourceQuality "1"]

1. e4 c5 2. Nc3 Nc6 3. g3 g6 4. Bg2 Bg7 5. d3 Rb8 6. f4 b5 7. Nf3 b4 $1 {The main line 7...b4 scores better than 7...d6. Die Hauptvariante 7...b4 punktet besser als 7...d6.} 8. Ne2 e6 9. O-O Nge7 10. g4 f5 11. g5 $146 ({Vorgänger:} 11. gxf5 exf5 12. Ng3 O-O 13. e5 d6 14. Qe1 Qc7 15. Qf2 Rb5 16. c3 bxc3 17. bxc3 dxe5 {0-1 (39) Vanek,P (2187)-Zinchenko,Y (2523) Pardubice 2008}) 11... O-O 12. Ng3 a5 13. h4 Nd4 14. h5 a4 15. Rb1 Bb7 16. Be3 Qc7 17. c3 Nxf3+ 18. Bxf3 a3 19. cxb4 cxb4 20. bxa3 bxa3 21. Rb3 Bb2 22. hxg6 hxg6 23. Kg2 Rfc8 24. Rf2 Ba8 25. Rxb8 Qxb8 26. Qh1 Bg7 27. Ne2 Qb5 28. Qd1 Nc6 29. e5 Nb4 0-1